<?xml version="1.0" encoding="UTF-8"?>
<record
    xmlns:xsi="http://www.w3.org/2001/XMLSchema-instance"
    xsi:schemaLocation="http://www.loc.gov/MARC21/slim http://www.loc.gov/standards/marcxml/schema/MARC21slim.xsd"
    xmlns="http://www.loc.gov/MARC21/slim">

  <leader>03569cam a2200385 i 4500</leader>
  <controlfield tag="001">17893445</controlfield>
  <controlfield tag="003">PILC</controlfield>
  <controlfield tag="005">20150805081444.0</controlfield>
  <controlfield tag="008">130920s2014    nyua          001 0 eng  </controlfield>
  <datafield tag="010" ind1=" " ind2=" ">
    <subfield code="a">  2013037670</subfield>
  </datafield>
  <datafield tag="020" ind1=" " ind2=" ">
    <subfield code="a">9780071796095 (hardback)</subfield>
  </datafield>
  <datafield tag="040" ind1=" " ind2=" ">
    <subfield code="a">DLC</subfield>
    <subfield code="b">eng</subfield>
    <subfield code="c">DLC</subfield>
    <subfield code="e">rda</subfield>
    <subfield code="d">DLC</subfield>
  </datafield>
  <datafield tag="042" ind1=" " ind2=" ">
    <subfield code="a">pcc</subfield>
  </datafield>
  <datafield tag="050" ind1="0" ind2="0">
    <subfield code="a">TS 155</subfield>
    <subfield code="b">.S578 2014</subfield>
  </datafield>
  <datafield tag="082" ind1="0" ind2="0">
    <subfield code="a">658.5/62</subfield>
  </datafield>
  <datafield tag="084" ind1=" " ind2=" ">
    <subfield code="a">BUS042000</subfield>
    <subfield code="2">bisacsh</subfield>
  </datafield>
  <datafield tag="100" ind1="1" ind2=" ">
    <subfield code="a">Smith, Debra,</subfield>
    <subfield code="d">1952-</subfield>
  </datafield>
  <datafield tag="245" ind1="1" ind2="0">
    <subfield code="a">Demand driven performance :</subfield>
    <subfield code="b">using smart metrics /</subfield>
    <subfield code="c">Debra Smith, Chad Smith.</subfield>
  </datafield>
  <datafield tag="260" ind1=" " ind2=" ">
    <subfield code="a">New York :</subfield>
    <subfield code="b">McGraw-Hill,</subfield>
    <subfield code="c">2014.</subfield>
  </datafield>
  <datafield tag="300" ind1=" " ind2=" ">
    <subfield code="a">xxiv, 312 pages :</subfield>
    <subfield code="b">illustrations ;</subfield>
    <subfield code="c">24 cm</subfield>
  </datafield>
  <datafield tag="500" ind1=" " ind2=" ">
    <subfield code="a">Includes index.</subfield>
  </datafield>
  <datafield tag="505" ind1="8" ind2=" ">
    <subfield code="a">Machine generated contents note: Ch 1. The Demand Driven World -- Ch 2. The Foundation of Metrics -- Ch 3. The Problem with Conventional Metrics -- Ch 4. The Utilization and Efficiency Assumption -- Ch 5. The Push and Promote Assumption -- Ch 6. The Inventory is a Waste Assumption -- Ch 7. The Due Date Assumption -- Ch 8. Demand Driven Economic Model - What are the Right -- Ch 9. Local Demand Driven Metrics -- Ch 10. Feedback &amp; Accountability -- Ch 11. Macro Case Study -- Ch 12. Sales and Operations Planning's Role and Integrating it into the Demand Driven Approach -- Ch 13. The Keys to a Successful Demand Driven System.</subfield>
  </datafield>
  <datafield tag="520" ind1=" " ind2=" ">
    <subfield code="a">"Learn how to implement demand driven metrics for vast improvement in measuring performance.Demand Driven Performance details why the outdated forms of measurement are inappropriate for current circumstances and reveals an elegant set of global and local metrics to fit today's demand driven world. The book shows how to minimize the organizational and supply chain conflicts that impede flow, and eventually, corporate success.Metrics are used to create a benchmark for measuring improvement and to identify and focus on those improvements that are most needed, and that have the highest ROI. However, the world has fundamentally changed in terms of delivering value and driving strong financial performance and growth. The continued use of outdated metrics is driving companies in the wrong direction giving them false signals, putting their personnel into conflict at all levels of the organization, and also wreaking havoc in the supply chain. This book offers solutions to remedy these issues.  Defines a new demand driven approach for measuring total organizational performance and the corresponding local metrics that integrate with those measures Advocates a systems approach to measuring improvement, and shows how conventional metrics are no longer appropriate Focuses on reliability, stability, speed/velocity, strategic contribution, local operating expense, and local improvement waste A case study demonstrates the processes in the book and provides you with the technology and tools needed to achieve a demand driven system "--</subfield>
  </datafield>
  <datafield tag="520" ind1=" " ind2=" ">
    <subfield code="a">"What if the objective of minimizing unit product cost is simply based on "bad math" - an inappropriate use of an equation that both economics and physics reject?"--</subfield>
  </datafield>
  <datafield tag="650" ind1=" " ind2="0">
    <subfield code="a">Production management</subfield>
    <subfield code="x">Statistical methods.</subfield>
  </datafield>
  <datafield tag="650" ind1=" " ind2="0">
    <subfield code="a">Industrial management</subfield>
    <subfield code="x">Statistical methods.</subfield>
  </datafield>
  <datafield tag="650" ind1=" " ind2="0">
    <subfield code="a">Performance.</subfield>
  </datafield>
  <datafield tag="650" ind1=" " ind2="0">
    <subfield code="a">Costs, Industrial.</subfield>
  </datafield>
  <datafield tag="650" ind1=" " ind2="0">
    <subfield code="a">System theory.</subfield>
  </datafield>
  <datafield tag="650" ind1=" " ind2="7">
    <subfield code="a">BUSINESS &amp; ECONOMICS / Management Science.</subfield>
    <subfield code="2">bisacsh</subfield>
  </datafield>
  <datafield tag="700" ind1="1" ind2=" ">
    <subfield code="a">Smith, Chad,</subfield>
    <subfield code="d">1971-</subfield>
  </datafield>
  <datafield tag="906" ind1=" " ind2=" ">
    <subfield code="a">7</subfield>
    <subfield code="b">cbc</subfield>
    <subfield code="c">orignew</subfield>
    <subfield code="d">1</subfield>
    <subfield code="e">ecip</subfield>
    <subfield code="f">20</subfield>
    <subfield code="g">y-gencatlg</subfield>
  </datafield>
  <datafield tag="942" ind1=" " ind2=" ">
    <subfield code="2">lcc</subfield>
    <subfield code="c">BK</subfield>
    <subfield code="k">FOR</subfield>
  </datafield>
  <datafield tag="999" ind1=" " ind2=" ">
    <subfield code="c">288317</subfield>
    <subfield code="d">288317</subfield>
  </datafield>
  <datafield tag="952" ind1=" " ind2=" ">
    <subfield code="0">0</subfield>
    <subfield code="1">0</subfield>
    <subfield code="2">lcc</subfield>
    <subfield code="4">0</subfield>
    <subfield code="a">CL</subfield>
    <subfield code="b">CL</subfield>
    <subfield code="c">RES</subfield>
    <subfield code="d">2015-08-05</subfield>
    <subfield code="e">Library Fund</subfield>
    <subfield code="l">1</subfield>
    <subfield code="o">TS 155 .S578 2014</subfield>
    <subfield code="p">C19638</subfield>
    <subfield code="r">2018-09-25 00:00:00</subfield>
    <subfield code="s">2018-09-11</subfield>
    <subfield code="w">2015-08-05</subfield>
    <subfield code="y">BK</subfield>
  </datafield>
</record>
